Teoría constitucional del delito
محفوظ في:
| المؤلف الرئيسي: | |
|---|---|
| التنسيق: | كتاب |
| اللغة: | الإسبانية |
| منشور في: |
Buenos Aires
Del Puerto
2004
|
| الطبعة: | 1a. ed |
| الموضوعات: | |
| الوسوم: |
إضافة وسم
لا توجد وسوم, كن أول من يضع وسما على هذه التسجيلة!
|
MARC
| LEADER | 00000nam a2200000 a 4500 | ||
|---|---|---|---|
| 001 | UCK8840 | ||
| 003 | CL-VaPUC | ||
| 008 | 060407e20040000AG |||||||||||||||||spa|d | ||
| 020 | |a 9879120574 | ||
| 082 | 0 | 4 | |a 345.001 |b SIL |2 21 |
| 100 | 0 | |a Silvestroni, Mariano H |e author |9 498535 | |
| 245 | 1 | 0 | |a Teoría constitucional del delito |
| 250 | |a 1a. ed | ||
| 300 | |a 360 p | ||
| 942 | |c BK | ||
| 945 | |d 20060407 00:00:00 |a cmena | ||
| 260 | |a Buenos Aires |b Del Puerto |c 2004 | ||
| 650 | 7 | |a DERECHO PENAL |2 CL-VaPUC |9 11 | |
| 650 | 0 | |a Filosofía del derecho |9 255050 | |
| 650 | 0 | |a Delitos |9 224143 | |
| 650 | 0 | |a Teoría del derecho |9 255982 | |
| 650 | 0 | |a Escuelas filosóficas |9 266232 | |
| 583 | |a last modification |c 20060407 00:00:00 |k Rodrigo Vera | ||
| 999 | |c 316243 |d 316241 | ||
| 952 | |0 0 |1 0 |4 0 |6 345_001000000000000_SIL_2004 |7 0 |8 A |9 390453 |a BIBDER |b BIBDER |d 2019-11-22 |i 422101K |o 345.001 SIL 2004 |p 422101K |r 2023-01-25 |w 2019-11-22 |y BK |k DER | ||